| 000 | 00540nam a2200181Ia 4500 | ||
|---|---|---|---|
| 999 |
_c16919 _d16919 |
||
| 082 | _aTS.0848 | ||
| 100 | _aSingh, Kiran | ||
| 245 | 0 | _aMaternal influences on birth weight of new born and nutritional status of infants follow-up study in Varanasi | |
| 260 |
_c1992 _bBanaras Hindu University |
||
| 300 | _a204p. | ||
| 650 | _aINFANTS - NUTRITION | ||
| 650 | _aNUTRITION - EVALUATION | ||
| 650 | _aNUTRITION - EVALUATION | ||
| 650 | _aNUTRITION - EVALUATION | ||
| 710 | _aChakravorty, A. | ||
| 710 | _aPanda, B.K. | ||
| 942 |
_cTH _2ddc |
||